000 00583cam a22002053a 4500
001 42272
003 PGUSA
005 20140828083944.0
008 130307s2013||||xxu|||||s|||||000 | eng d
040 _aPGUSA
_beng
042 _adc
100 1 _aOláh, Gábor,
_d1881-1942
245 1 0 _aBalgatag szerelem :
_bElbeszélések
_h[electronic resource] /
_cGábor Oláh
260 _bProject Gutenberg,
_c2013
506 _aPublic domain in the USA.
516 _aElectronic text
830 0 _aProject Gutenberg
_v42272
856 4 0 _uhttp://www.gutenberg.org/ebooks/42272
942 _cEB
999 _c271524
_d271524